000 00429cam a2200169 4500
001 D12632
008 090401t1938 xxu||||| |||| 00| 0 eng d
035 _a(Sirsi) u4842
041 _aeng
100 _aDicksee, Bernard
245 4 _aThe London Building Acts 1930 and 1935: Supplement with byelaws
260 _aLondon
_bEdward Stanford Ltd
_c1938
350 _a0
520 _aShelf 153
942 _n0
948 _c04/03/1997
999 _c86073
_d86073